NLSUI OPAC header image

Nani Palkhivala : Selected writings (Record no. 14864)

MARC details
000 -LEADER
fixed length control field 00466nam a2200157Ia 4500
008 - FIXED-LENGTH DATA ELEMENTS--GENERAL INFORMATION
fixed length control field 160316s1999 xxu||||| |||| 00| 0 eng d
082 ## - DEWEY DECIMAL CLASSIFICATION NUMBER
Classification number 340.092000
Item number SIN
100 ## - MAIN ENTRY--PERSONAL NAME
Personal name Singhvi L M
245 ## - TITLE STATEMENT
Title Nani Palkhivala : Selected writings
250 ## - EDITION STATEMENT
Edition statement
260 ## - PUBLICATION, DISTRIBUTION, ETC.
Place of publication, distribution, etc. New Delhi
Name of publisher, distributor, etc. Penguin Books India
Date of publication, distribution, etc. 1999
300 ## - PHYSICAL DESCRIPTION
Extent 330p
Other physical details
Dimensions xv
365 ## - TRADE PRICE
Price amount Rs.395
650 ## - SUBJECT ADDED ENTRY--TOPICAL TERM
Topical term or geographic name entry element 1. Biography - Nani Palkhivala<br/>2. Palkhivala Nani - Selected Writings
700 ## - ADDED ENTRY--PERSONAL NAME
Personal name Pai M R
-- Ramakrishnan S
Holdings
Withdrawn status Lost status Damaged status Not for loan Home library Current library Shelving location Date acquired Cost, normal purchase price Total Checkouts Full call number Barcode Date last seen Price effective from Koha item type
        . . Library Compactors 30.05.2017 395.00   340.092 SIN 14999 30.05.2017 30.05.2017 BOOKs